El conocimiento humano : su alcance y sus limitaciones /

El propósito central de este libro es examinar la relación entre la experiencia individual y el cuerpo general del conocimiento científico para aclarar el fenómeno del conocimiento.

Збережено в:
Бібліографічні деталі
Автор: Russell, Bertrand (autor)
Формат: Книга
Мова:Іспанська
Опубліковано: Madrid, España : Taurus, 1959
Предмети:
Теги: Додати тег
Немає тегів, Будьте першим, хто поставить тег для цього запису!

MARC

LEADER 00000nam^a2200000^a^4500
001 000019048
005 20250521000000.0
009 20260310084242.565
037 |a Acervo ITESO - Biblioteca 
041 |a ESP 
082 |a 121.  |b RUS V. 1 
100 |a Russell, Bertrand  |e (autor) 
245 1 3 |a El conocimiento humano :  |b su alcance y sus limitaciones /  |c B. Russell ; tr. por Antonio Tovar. 
264 1 |a Madrid, España :  |b Taurus,  |c 1959 
300 |a 310 p. 
336 |a texto  |b txt  |2 rdacontenido 
337 |a sin mediación  |b n  |2 rdamedio 
338 |a volumen  |b nc  |2 rdasoporte 
500 |a Traducción de: Human Knowledge. Its Scope and Limits 
520 |a El propósito central de este libro es examinar la relación entre la experiencia individual y el cuerpo general del conocimiento científico para aclarar el fenómeno del conocimiento. 
649 |a XX 
650 |a Conocimiento 
650 |a Percepción 
650 |a Sentidos y Sensaciones 
650 |a Probabilidad 
650 |a Inferencia 
650 |a Método Científico 
650 |a Epistemología 
650 |a Filosofía Analítica 
650 |a Filosofía del Siglo XX 
650 |a Filosofía 
910 |a Fondo General 
920 |a Impresos - Libros 
930 |a Colección General 
905 |a 101 
901 |a 0190480100  |b IT1  |c ACC  |i 019048  |u 20250521 
902 |a https://opac.biblio.iteso.mx/vufind/Record/000019048